Carousel - Melanie Martinez - All Lyrics - Statistics

General Stats
  • This quiz has been taken 121 times
  • The average score is 241 of 306
Answer Stats
Answer % Correct
a
100%
and
100%
And
100%
'Round
100%
'round
100%
like
99%
Oh,
99%
oh,
99%
on
99%
carousel,
97%
carousel
97%
go
97%
go?
97%
horse
97%
I
96%
we
96%
you
93%
You
93%
to
91%
I'm
88%
feel
87%
is
87%
love?
87%
love
87%
never
87%
this
87%
This
87%
But
85%
can
85%
chasin'
85%
the
85%
after
84%
tell
84%
know
81%
fairy
79%
tale
79%
in
75%
So
75%
no
72%
too
72%
it
71%
it's
71%
It's
71%
my
71%
up
71%
now
69%
be
68%
glued
68%
Will
68%
back
66%
there's
66%
catch
65%
tight
65%
all
63%
already
63%
fun
63%
games
63%
ride
63%
somebody
63%
falls
62%
must
62%
ticket
62%
turning
60%
bought
59%
Come,
59%
come
59%
tall
59%
'til
59%
at
57%
At
57%
did
56%
slow
56%
carnival
54%
candy
53%
cotton
53%
show
53%
Why
53%
heart?
51%
We're
51%
freak
50%
take
49%
hand
47%
steal
47%
Riding,
44%
riding,
44%
riding
44%
when
44%
you're
44%
stuck,
43%
stuck
43%
always
41%
close
41%
high,
41%
high
41%
playland
41%
coin
37%
one,
37%
Where'd
37%
damn
35%
disappear
35%
Right,
35%
right
35%
slot
35%
through
35%
Almost,
34%
almost
34%
near
29%
threw
29%
run
26%
Mr.
22%
Houdini,
21%
No matching quizzes found
Score Distribution
Percent of People with Each Score
Percentile by Number Answered
Your Score History
You have not taken this quiz